| 000 | 00392pab a2200157 454500 | ||
|---|---|---|---|
| 008 | 180718b2001 xxu||||| |||| 00| 0 eng d | ||
| 100 | _aEllis, Thomas et al. | ||
| 245 | _aPolice drugs training activities: an international perspective | ||
| 260 | _c2001 | ||
| 300 | _ap.134-48 | ||
| 650 | _aTraining | ||
| 650 | _aDrugs | ||
| 650 | _aPolice | ||
| 773 | _aPolice Journal | ||
| 909 | _a48871 | ||
| 999 |
_c48871 _d48871 |
||